Statistics for Aladdin Franchise

Click here to take the quiz!

General Stats

  • This quiz has been taken 29 times
  • The average score is 17 of 38

Answer Stats

TypeYearNameInfo% Correct
Film2019AladdinDisney
100%
Musical1979AladdinSandy Wilson
100%
Film1992AladdinGolden Films
100%
Play1805AladdinAdam Oehlenschläger
100%
Film1992AladdinDisney
100%
TV Show1994-1995AladdinThe Disney Channel / CBS
100%
TV Film1958AladdinCBS
100%
Film2009AladdinEros International
100%
Opera1941AladdinKurt Atterberg
100%
Musical2011-PresentAladdinAlan Menken
100%
TV Show2007-2009Aladdin - Jaanbaaz Ek Jalwe AnekZee TV
94%
Video Game1993Disney's AladdinSega
94%
Video Game1994Disney's AladdinSega
94%
Video Game1993Disney's AladdinCapcom
94%
Film1986SuperfantagenioCannon Films
94%
Film1994The Return of JafarDisney
75%
Film1996Aladdin and the King of ThievesDisney
63%
Folk TalesMiddle AgesOne Thousand and One Nights(Various)
38%
Novel2015A Whole New World: A Twisted TaleElizabeth J. Braswell
6%
Film2007Disney Princess Enchanted Tales: Follow Your DreamsDisney
6%
Theme Park Attraction1992-PresentAdventureland BazaarDisneyland Paris
0%
Film1970Aladdin and His Magic LampParamount Pictures
0%
Film1966Aladdin and His Magic LampGorky Film Studio
0%
Film1979Aladdin and the Magical LampSupriya Creations
0%
Film1917Aladdin and the Wonderful LampFox Film Corporation
0%
Film1982Aladdin and the Wonderful LampToei Animation
0%
Musical1992Aladdin Jr.Alan Menken
0%
TV Show2018-PresentAladdin - Naam Toh Suna HogaSony SAB
0%
Film1957Alladin and the Wonderful LampJai Sakthi Pictures
0%
Theme Park Attraction2001-PresentArabian CoastTokyo Disney Resort
0%
Video Game1994Disney's Aladdin Activity CenterDisney Interactive
0%
Theme Park Attraction2003-2016Disney's Aladdin: A Musical SpectacularDisneyland
0%
Video Game2001Disney's Aladdin in Nasira's RevengeSony
0%
Video Game1994Disney's Aladdin Print KitDisney Interactive
0%
Theme Park Attraction1993-PresentLe Passage Enchanté d'AladdinDisneyland Paris
0%
Theme Park Attraction1998-2011The Enchanted Tiki Room (Under New Management)Disney World
0%
Theme Park Attraction2001-PresentThe Magic Carpets of AladdinDisney World / Disneyland Paris / Tokyo Disney Resort
0%
Film1961The Wonders of AladdinMetro-Goldwyn-Mayer
0%

Score Distribution

Percentile by Number Answered

Percent of People with Each Score

Your Score History

You have not taken this quiz